000 01769nam a22003257a 4500
003 DO-SdBNP
005 20180314140658.0
008 160512b 2011 dr a 00| 0 spa d
020 _a9789945173659
040 _aBPMSU
_bspa
_cBPMSU
082 4 _a373.54
_bQ69 2011
245 _aQuímica :
_b[educación media] /
_cHoracio Arredondo ... [et al.] ; dirección editorial Cristina Amiama Espaillat ; coordinación editorial Mónica Volonteri ; ilustración Henry Cid ... [et al.].
246 1 _aQuímica :
_bnivel medio
260 _aSanto Domingo :
_bSM,
_c2011.
300 _a296 p. :
_bil., retrs. ;
_c29 cm.
504 _aBibliografía : p. 296
505 _tMateria y energía --
_tClasificación y estructura de la materia --
_tAgrupaciones de átomos --
_tSistemas de materiales y aplicaciones --
_tReacciones químicas --
_tFormulas y funciones químicas --
_tBloques s, p, d y f --
_tQuímica y medio ambiente --
_tIntroducción a la química orgánica --
_tHidrocarburos --
_tAlcoholes, aldehídos y cetonas --
_tÁcidos carboxílicos, ésteres y éteres --
_tHalogenuros y nitrogenados --
_tGlúcidos, lípidos, proteínas y ácidos nucleicos.
_tAnexos --
_tDiccionario científico --
_tSistema periódico de los elementos.
650 4 _aQUÍMICA
_xENSEÑANZA SECUNDARIA
650 4 _aQUÍMICA
_xEDUCACIÓN SECUNDARIA
650 4 _aQUÍMICA
_xESTUDIOS Y EJERCICIOS
650 4 _aQUÍMICA
_xLIBROS DE TEXTOS
650 4 _aEDUCACIÓN SECUNDARIA
_zREPÚBLICA DOMINICANA
700 1 2 _aArredondo, Horacio
700 1 _aAmiama Espaillat, Cristina,
_eed.
700 1 _aCid, Henry,
_eil.
910 _aValidado. Control de calidad MFF
942 _2ddc
_cBK
945 _aRemanejado para la BNPHU / 2018 BT
956 _aBTAVAREZ
_b10
_c20170228
_hBPMSU
_f0038
999 _c10123
_d10123